Imágenes del espíritu en el cine /
Conjunto de reflexiones y propuestas sobre la representación fílmica de la espiritualidad, cuyo autor propone una metodología para la apreciación cinematográfica y una filmografía formada por 120 títulos. La selección filmográfica está dividida según la estructura temática de los ejercicios ignacian...
Guardado en:
| 主要作者: | |
|---|---|
| 格式: | 圖書 |
| 語言: | 西班牙语 |
| 出版: |
México :
Buena Prensa,
2000, c2000
|
| 叢編: | (En Ruta ;
4) |
| 主題: | |
| 標簽: |
沒有標簽, 成為第一個標記此記錄!
|
MARC
| LEADER | 00000nam^a2200000^a^4500 | ||
|---|---|---|---|
| 001 | 000309008 | ||
| 005 | 20250521000000.0 | ||
| 009 | 20260310112932.967 | ||
| 020 | |a 970-693-042-6 | ||
| 037 | |a Acervo Xavier Clavigero | ||
| 041 | |a ESP | ||
| 082 | |a 302. 235313 |b GAR | ||
| 100 | |a García Orso, Luis |e (autor) | ||
| 245 | 1 | 0 | |a Imágenes del espíritu en el cine / |c L. García Orso. |
| 264 | 4 | |a México : |b Buena Prensa, |c 2000, c2000 | |
| 300 | |a 85 p. | ||
| 336 | |a texto |b txt |2 rdacontenido | ||
| 337 | |a sin mediación |b n |2 rdamedio | ||
| 338 | |a volumen |b nc |2 rdasoporte | ||
| 440 | 1 | |a (En Ruta ; |v 4) | |
| 520 | |a Conjunto de reflexiones y propuestas sobre la representación fílmica de la espiritualidad, cuyo autor propone una metodología para la apreciación cinematográfica y una filmografía formada por 120 títulos. La selección filmográfica está dividida según la estructura temática de los ejercicios ignacianos, pero el jesuita Luis García Orso señala que puede ser utilizada en modos diversos con propósitos pastorales y ser completada con otros ejemplos. | ||
| 649 | |a XX | ||
| 650 | |a Mujeres en el Cine - |z México - |x Historia y Crítica | ||
| 650 | |a Jóvenes en el Cine - |x Historia y Crítica | ||
| 650 | |a Espiritualidad en el Cine - |x Filmografías - |x Tema Principal | ||
| 650 | |a Espiritualidad en el Cine - |x Historia y Crítica | ||
| 650 | |a Religión en el Cine - |x Historia y Crítica | ||
| 650 | |a Cine Mexicano - |x Historia y Crítica | ||
| 650 | |a Cine Mexicano - |y 1990-1999 | ||
| 650 | |a Cine Mexicano - |y Siglo XX | ||
| 650 | |a Cine - |x Historia y Crítica | ||
| 650 | |a Cine - |y Siglo XX | ||
| 650 | |a Ejercicios Ignacianos | ||
| 650 | |a Ejercicios Espirituales | ||
| 650 | |a Retiros | ||
| 650 | |a Catequesis | ||
| 650 | |a Medios Audiovisuales en la Educación | ||
| 650 | |a Apoyos Didácticos | ||
| 650 | |a Didáctica | ||
| 650 | |a Metodología Educativa | ||
| 650 | |a Proceso Educativo | ||
| 650 | |a Educación Religiosa | ||
| 650 | |a Religión y Comunicación | ||
| 910 | |a Fondo General | ||
| 920 | |a Impresos - Libros | ||
| 930 | |a Colección General | ||
| 905 | |a 101 | ||
| 901 | |a 071338 |b IT1 |c ACC |u 20250521 | ||
| 901 | |a 071339 |b IT1 |c ACC |u 20250521 | ||
| 902 | |a https://opac.biblio.iteso.mx/vufind/Record/000309008 | ||